000 00455nam a22001457a 4500
999 _c30650
_d30650
008 200114b ||||| |||| 00| 0 eng d
020 _a8590139875
050 _aBF 1729.R33 2003
100 _aRabolu,V.M
245 _aHercolubus or red planet/
_cV.M.Rabolu
260 _aBrazil:
_bMilenium Edicoes do Brasil Ltd,
_cc2003.
300 _a54[3]p.:
_bill.
_c18cm
650 _aEnd of the world.
942 _2lcc
_cPERIODICAL
_hBF 1729 .R33 2003